Devito All Songs - Statistics

General Stats
  • This quiz has been taken 61 times
    12 since last reset
  • The average score is 42 of 87
Answer Stats
Views Answer Feat Year % Correct
31m Ego - 2025
91%
38m Svemir Inas 2023
91%
71m Tu Tu Tu Breskvica 2023
91%
15m Amsterdam - 2025
82%
37m Garava Voyage 2023
82%
21m Karamela Jala Brat, Buba Corelli 2023
82%
25m Mafia Voyage 2023
82%
4m Plava Krv - 2023
82%
25m Rolex Crni Cerak 2023
82%
71m Roze Jala Brat, Buba Corelli 2021
82%
20m Vajbuje Jala Brat, Buba Corelli 2023
82%
3.8m Astronaut Bajaga 2025
73%
11m Hihi Haha Nucci, Biba 2024
73%
13m Htela Je Da Zna Relja 2023
73%
31m Nina - 2021
73%
32m Oduzet - 2019
73%
53m Omadjijala Relja 2022
73%
32m Uh - 2019
73%
114m Vudu Teodora 2020
73%
6.3m Anxiozno - 2025
64%
7.7m Barbie - 2019
64%
3.8m Daytona Nucci 2023
64%
10m Koketa - 2023
64%
41m Marina - 2022
64%
17m Nenormalan Lik Nikolija 2024
64%
28m Offline Relja 2020
64%
13m Shake It Jala Brat 2022
64%
10m 35 Stepeni - 2025
55%
? Acrobatico Natti Natasha 2023
55%
821k Brat Moj Kalash Criminel 2025
55%
3m DiCaprio - 2025
55%
4m Emotivna Bol - 2025
55%
2m Jedna Mala Leske 2023
55%
4.5m Koji Kralj Coby 2023
55%
9.2m Nina 2.0 - 2023
55%
11m Ola Ola Relja 2023
55%
5.8m Top Solaja 2023
55%
7.4m Valentina Corona 2023
55%
18m Aligatori - 2019
45%
27m Bebe - 2020
45%
1.6m Bogat, Lud i Mlad - 2025
45%
5.5m Cinema Teodora 2024
45%
2.8m Geto Riba - 2023
45%
2m JBLBS - 2025
45%
19m Ljubav Nikolija 2022
45%
20m Magican Cvet - 2020
45%
22m Mame mi - 2021
45%
2m Nema Spavanja - 2025
45%
6.4m Nepogresivo Jelena Karleusa 2023
45%
1.4m Parking - 2025
45%
11m Telo - 2021
45%
13m Vodi Me Teodora 2023
45%
5.8m Ama lome me Nikolija 2023
36%
17m Austria Mike Ride 2020
36%
1.7m Blue Blood - 2023
36%
1.4m Boema Mike Ride 2023
36%
4.6m Do Zore Relja 2022
36%
2.2m Fantasia Olexesh 2024
36%
4.6m Mazna - 2023
36%
11m Mili Mili - 2023
36%
1.4m Neispavana Lepotica - 2025
36%
2m Niko Nece JMTradee 2022
36%
1.5m Omerta - 2023
36%
2.9m Score - 2025
36%
2.1m Supersonic Joker Out 2026
36%
1.1m 25 Milja Igor Buzov 2022
27%
4.4m Alal Vera Leon 2018
27%
4.1m Drip Drip Corona 2021
27%
13m Flex - 2020
27%
3.9m GTA Indodjija 2019
27%
? Ju - 2021
27%
10m Koka - 2020
27%
8.1m Leden - 2021
27%
5m Lila - 2019
27%
4.2m Magija - 2021
27%
3.9m Mamacita - 2021
27%
3m Putin - 2021
27%
1.7m Roli Moj - 2023
27%
2.6m Sami - 2023
27%
827k Drug Like This The Eurotrip! 2021
18%
2m Obama - Remix Vojko V 2020
18%
3.3m Rame - 2021
18%
1.1m Sta God Da Se Desi - 2025
18%
? Taperamento Fy 2023
18%
4.9m Verna - 2022
18%
4.1m Get Together David Guetta 2021
9%
12m Mami - 2021
9%
No matching quizzes found
Score Distribution
Percent of People with Each Score
Percentile by Number Answered
Your Score History
You have not taken this quiz since the last reset